| 000 | 00567cam a2200169 a 4500 | ||
|---|---|---|---|
| 082 | 0 | 0 |
_a296.832 _bSCH _cD |
| 100 | 1 |
_aSchwarz, Judith. _937197 |
|
| 245 | 1 | 0 |
_aRadical feminists of Heterodoxy : _bGreenwich Village, 1912-1940 / _cby Judith Schwarz. |
| 250 | _aRev. ed. | ||
| 260 |
_aNorwich, Vt. : _bNew Victoria Publishers, _cc1986. |
||
| 300 |
_aviii, 147 p. : _bill. ; _c22 cm. |
||
| 500 | _aIncludes index. | ||
| 526 |
_a0 _b0 _c0 _d296_832000000000000_SCH |
||
| 650 | 0 |
_aFeminism _zNew York (State) _zNew York _xHistory _937198 |
|
| 650 | 0 |
_aMCE _9379 |
|
| 942 |
_2ddc _cBK |
||
| 999 |
_c542095 _d542095 |
||